| 000 | 01167nam0a22003011 4500 | ||
|---|---|---|---|
| 001 | rc\4031824 | ||
| 005 | 20250611063202.0 | ||
| 021 |
_aRU _b[50-31095] |
||
| 035 | _a(NLR Aleph) 008092774 | ||
| 090 |
_a9194345 _c9194345 |
||
| 100 | _a20130415d1950 |||y0rusy50 ca | ||
| 101 | 0 | _arus | |
| 102 | _aRU | ||
| 105 | _aa z ||||| | ||
| 200 | 1 |
_aЛетучие мыши _e(Систематика, образ жизни и польза для сельского и лесного хозяйства) |
|
| 210 |
_aМосква _cСов. наука _d1950 _gТип. "Кр. пролетарий" |
||
| 215 |
_a444 с., 1 л. ил. _cил. _d23 |
||
| 300 | _aПеред загл. авт.: А.П. Кузякин | ||
| 320 | _aБиблиогр.: с. 424-437 | ||
| 606 |
_aЛетучие мыши _2psbo |
||
| 606 |
_aЖивотные полезные _xОхрана и привлечение _2psbo |
||
| 700 | 1 |
_4070 _7ca _8rus _aКузякин _bА. П. _f1915-1988 _gАлександр Петрович _9249037 _3RU\NLR\AUTH\770249093 |
|
| 801 | 0 |
_aRU _bNLR _gpsbo |
|
| 801 | 1 |
_aRU _bELAR _2rusmarc |
|
| 852 |
_aNLR _jЗ-02 Г-5/108 |
||
| 942 | _cBOOK | ||
| 980 | _aNB | ||